00682nam a2200217Ia 4500008004000000020001500040041000800055082001300063100002400076245004100100260003300141300001200174650000700186650001700193650001400210650001500224690001400239906001100253999001900264952018100283210210b2005 xxu||||| |||| 00| 0 eng d a0071216162 aeng a575 KARI aKARDONG (Kenneth V) aIntroduction to biological evolution aBostonbMcGraw Hill Coc2005 axiv,322 ato aIntroduction aevolution abiological aEvolution a065850 c147125d147125 001040708Ecology and EnvironmentaALbALcBiologyd2021-02-17ePrajwal Book Distributors, Bangalore-560061g1638.00l0o575 KARIp065850r2021-02-17 00:00:00w2021-02-17yBK